Длиннейшие улицы Москвы - Statistics

General Stats
  • This quiz has been taken 19 times
  • The average score is 5 of 10
Answer Stats
название тип длина (км) % Correct
3 Ленинский проспект 16,0
82%
4 Дмитровское шоссе 15,5
76%
5 Ленинградское шоссе 15,2
76%
2 Энтузиастов шоссе 20,4
71%
1 Варшавское шоссе 22,5
59%
8 Волгоградский проспект 11,3
47%
6 Алтуфьевское шоссе 14,0
41%
7 Каширское шоссе 12,0
41%
10 Багратиона проспект 10,3
18%
9 Генерала Дорохова проспект 10,5
12%
No matching quizzes found
Score Distribution
Percent of People with Each Score
Percentile by Number Answered
Your Score History
You have not taken this quiz